<?xml version="1.0" encoding="UTF-8"?>
<collection xmlns="http://www.loc.gov/MARC21/slim">
 <record>
  <leader>02387cam a2200409  a4500</leader>
  <controlfield tag="001">1075420822</controlfield>
  <controlfield tag="003">DE-627</controlfield>
  <controlfield tag="005">20230627175331.0</controlfield>
  <controlfield tag="007">tu</controlfield>
  <controlfield tag="008">850101m19729999xx |||||      00| ||ger c</controlfield>
  <datafield tag="035" ind1=" " ind2=" ">
   <subfield code="a">(DE-627)1075420822</subfield>
  </datafield>
  <datafield tag="035" ind1=" " ind2=" ">
   <subfield code="a">(DE-576)005420822</subfield>
  </datafield>
  <datafield tag="035" ind1=" " ind2=" ">
   <subfield code="a">(DE-599)BSZ005420822</subfield>
  </datafield>
  <datafield tag="035" ind1=" " ind2=" ">
   <subfield code="a">(DE-604)8037746138</subfield>
  </datafield>
  <datafield tag="040" ind1=" " ind2=" ">
   <subfield code="a">DE-627</subfield>
   <subfield code="b">ger</subfield>
   <subfield code="c">DE-627</subfield>
   <subfield code="e">rakwb</subfield>
  </datafield>
  <datafield tag="041" ind1=" " ind2=" ">
   <subfield code="a">ger</subfield>
  </datafield>
  <datafield tag="084" ind1=" " ind2=" ">
   <subfield code="a">6,14</subfield>
   <subfield code="a">9,10</subfield>
   <subfield code="2">ssgn</subfield>
  </datafield>
  <datafield tag="084" ind1=" " ind2=" ">
   <subfield code="a">NH 7771</subfield>
   <subfield code="2">rvk</subfield>
   <subfield code="0">(DE-625)rvk/125790:12246</subfield>
  </datafield>
  <datafield tag="084" ind1=" " ind2=" ">
   <subfield code="a">NH 7740</subfield>
   <subfield code="2">rvk</subfield>
   <subfield code="0">(DE-625)rvk/125787:12245</subfield>
  </datafield>
  <datafield tag="084" ind1=" " ind2=" ">
   <subfield code="a">LF 4100</subfield>
   <subfield code="2">rvk</subfield>
   <subfield code="0">(DE-625)rvk/91612:</subfield>
  </datafield>
  <datafield tag="084" ind1=" " ind2=" ">
   <subfield code="a">15.28</subfield>
   <subfield code="2">bkl</subfield>
  </datafield>
  <datafield tag="100" ind1="1" ind2=" ">
   <subfield code="a">Gose, Erich</subfield>
   <subfield code="d">1899-1971</subfield>
   <subfield code="0">(DE-588)116775475</subfield>
   <subfield code="0">(DE-627)078249503</subfield>
   <subfield code="0">(DE-576)161164218</subfield>
   <subfield code="4">aut</subfield>
  </datafield>
  <datafield tag="245" ind1="1" ind2="4">
   <subfield code="a">Der gallo-römische Tempelbezirk im Altbachtal zu Trier</subfield>
   <subfield code="c">Erich Gose</subfield>
  </datafield>
  <datafield tag="264" ind1=" " ind2="1">
   <subfield code="a">Mainz</subfield>
   <subfield code="b">von Zabern</subfield>
   <subfield code="c">1972-</subfield>
  </datafield>
  <datafield tag="336" ind1=" " ind2=" ">
   <subfield code="a">Text</subfield>
   <subfield code="b">txt</subfield>
   <subfield code="2">rdacontent</subfield>
  </datafield>
  <datafield tag="337" ind1=" " ind2=" ">
   <subfield code="a">ohne Hilfsmittel zu benutzen</subfield>
   <subfield code="b">n</subfield>
   <subfield code="2">rdamedia</subfield>
  </datafield>
  <datafield tag="338" ind1=" " ind2=" ">
   <subfield code="a">Band</subfield>
   <subfield code="b">nc</subfield>
   <subfield code="2">rdacarrier</subfield>
  </datafield>
  <datafield tag="490" ind1="0" ind2=" ">
   <subfield code="a">Trierer Grabungen und Forschungen</subfield>
   <subfield code="v">7</subfield>
  </datafield>
  <datafield tag="500" ind1=" " ind2=" ">
   <subfield code="a">Als Ms. hrsg</subfield>
  </datafield>
  <datafield tag="787" ind1="0" ind2="8">
   <subfield code="i">Rezensiert in</subfield>
   <subfield code="a">Parlasca, Klaus, 1925 - 2020</subfield>
   <subfield code="t">[Rezension von: Erich Gose, Der gallo-römische Tempelbezirk im Altbachtal zu Trier]</subfield>
   <subfield code="d">1975</subfield>
   <subfield code="w">(DE-627)1851109072</subfield>
  </datafield>
  <datafield tag="936" ind1="r" ind2="v">
   <subfield code="a">NH 7771</subfield>
   <subfield code="b">Gebietskörperschaften, einzelne Städte und Siedlungen von A-Z</subfield>
   <subfield code="k">Geschichte</subfield>
   <subfield code="k">Griechisch-römische Geschichte</subfield>
   <subfield code="k">Römische Geschichte</subfield>
   <subfield code="k">Regionalgeschichte des Römischen Reiches</subfield>
   <subfield code="k">Westeuropa</subfield>
   <subfield code="k">Unter- und Obergermanien (mit römischer Schweiz)</subfield>
   <subfield code="k">Gebietskörperschaften, einzelne Städte und Siedlungen von A-Z</subfield>
   <subfield code="0">(DE-627)1270912577</subfield>
   <subfield code="0">(DE-625)rvk/125790:12246</subfield>
   <subfield code="0">(DE-576)200912577</subfield>
  </datafield>
  <datafield tag="936" ind1="r" ind2="v">
   <subfield code="a">NH 7740</subfield>
   <subfield code="b">Allgemeines</subfield>
   <subfield code="k">Geschichte</subfield>
   <subfield code="k">Griechisch-römische Geschichte</subfield>
   <subfield code="k">Römische Geschichte</subfield>
   <subfield code="k">Regionalgeschichte des Römischen Reiches</subfield>
   <subfield code="k">Westeuropa</subfield>
   <subfield code="k">Gallien (Aquitania, Gallia Lugdunensis, Belgica)</subfield>
   <subfield code="k">Allgemeines</subfield>
   <subfield code="0">(DE-627)1271456680</subfield>
   <subfield code="0">(DE-625)rvk/125787:12245</subfield>
   <subfield code="0">(DE-576)201456680</subfield>
  </datafield>
  <datafield tag="936" ind1="r" ind2="v">
   <subfield code="a">LF 4100</subfield>
   <subfield code="b">Trier</subfield>
   <subfield code="k">Klassische Archäologie</subfield>
   <subfield code="k">Topografie und Grabungspublikationen</subfield>
   <subfield code="k">Ausgrabungspublikationen und topografische Literatur</subfield>
   <subfield code="k">Orte und Landschaften T</subfield>
   <subfield code="k">Trier</subfield>
   <subfield code="0">(DE-627)1270883194</subfield>
   <subfield code="0">(DE-625)rvk/91612:</subfield>
   <subfield code="0">(DE-576)200883194</subfield>
  </datafield>
  <datafield tag="936" ind1="b" ind2="k">
   <subfield code="a">15.28</subfield>
   <subfield code="j">Römisches Reich</subfield>
   <subfield code="q">coli-conc RVK-&gt;BK</subfield>
   <subfield code="q">https://coli-conc.gbv.de/api/mappings/77b3c911-9246-4695-977a-b939ee41f58d</subfield>
   <subfield code="0">(DE-627)106405128</subfield>
  </datafield>
  <datafield tag="951" ind1=" " ind2=" ">
   <subfield code="a">MC</subfield>
  </datafield>
  <datafield tag="991" ind1=" " ind2=" ">
   <subfield code="a">Rezensiertes Werk</subfield>
  </datafield>
  <datafield tag="999" ind1=" " ind2=" ">
   <subfield code="a">KXP-PPN1075420822</subfield>
   <subfield code="e">4577529645</subfield>
  </datafield>
 </record>
</collection>
